| 000 | 01482ngm a2200409 4500 | ||
|---|---|---|---|
| 999 |
_c55614 _d55614 |
||
| 001 | DVD-7810-7818 | ||
| 003 | dpl | ||
| 005 | 20181219100549.0 | ||
| 006 | a|||||r|||||00| 0 | ||
| 007 | DVD | ||
| 008 | ||||||sp199 xxu|||||c ||| 00| 0 ng d | ||
| 010 | _aDVD-007810-7818 | ||
| 024 |
_a287015689 _c299.00 |
||
| 024 | _aDVD-E 1568 | ||
| 035 | _aDVD-007810-7818 | ||
| 040 |
_aDPL _cDPL |
||
| 082 | _aDVD / MADM | ||
| 245 |
_aMad money _cA Maltivision release _h[videorecording] DVD/ |
||
| 246 | _aNinteen Forty Seven The Earth | ||
| 260 |
_bEros International _aMumbai |
||
| 300 |
_a1 videodisc DVD;(100 Min) _bsd., col. ; _c4 3/4 in. _fDVD |
||
| 306 | _a99 Min | ||
| 440 |
_aEros International _933048 |
||
| 538 | _aSubtitles: English, Sound: Solby Digital 5.1/Stereo, Format: Pal Region 5, Aspect Ratio: Anamorphic, Colour | ||
| 650 |
_aMotion Picture _933049 |
||
| 700 |
_aFlannigan, Michael _933050 |
||
| 700 |
_aFrank DeMartini, Jay Cohen _933051 |
||
| 700 |
_aAcheson, James _933052 |
||
| 700 |
_aGers, Glenn _933053 |
||
| 700 |
_aKhouri, Callie _933054 |
||
| 700 |
_aKeator, Dine _933113 |
||
| 700 |
_aLatifah, Queen _933114 |
||
| 700 |
_aHolmes, Katie _933115 |
||
| 942 |
_cCF _2ddc _hDVD _mMADM |
||